| 000 | 00694nam a2200253Ia 4500 | ||
|---|---|---|---|
| 005 | 20250425162452.0 | ||
| 008 | 250425s9999 xx 000 0 und d | ||
| 020 | _a9789876150712 | ||
| 041 | _aspa | ||
| 082 | _a658.402 | ||
| 100 | _aVICENTE, MIGUEL ANGEL | ||
| 245 | 0 | _aMARKETING Y COMPETITIVIDAD: NUEVOS ENFOQUES PARA NUEVAS REALIDADES | |
| 250 | _a1A ED. | ||
| 260 |
_aArgentina _bPRENTICE HALL- PEARSON EDUCACION _c2009 |
||
| 260 | _aBUENOS AIRES | ||
| 300 | _a772 | ||
| 650 | _aCAPITAL HUMANO | ||
| 650 | _aCREATIVIDAD | ||
| 650 | _aESTRATEGIAS DE DESARROLLO | ||
| 650 | _aGESTION DE PERSONAL | ||
| 650 | _aRECURSOS HUMANOS-DESARROLLO | ||
| 942 | _c01 | ||
| 010 | _a76331 | ||
| 999 |
_c229872 _d229872 |
||